| 000 | 00588nam a2200205Ia 4500 | ||
|---|---|---|---|
| 003 | GCL | ||
| 008 | 140319s9999 xx 000 0 ara d | ||
| 040 |
_aGCL / _cGCL |
||
| 082 | 0 | 4 |
_a813.01 _bم خ |
| 100 | 1 | _aماهر شفيق فريد | |
| 245 | 1 | 0 |
_aخريف الازهار الحجرية : قصص / _cماهر شفيق فريد |
| 300 | _a186 ص | ||
| 490 |
_aكتاب المواهب _v0 |
||
| 650 | 0 | 4 | _aالادب العربى |
| 650 | 0 | 4 | _aالادب |
| 650 | 0 | 4 | _aالقصص |
| 650 | 0 | 4 | _aالقصة العربية |
| 650 | 0 | 4 | _aالقصة القصيرة |
| 942 |
_2ddc _cBK |
||
| 999 |
_c40574 _d40574 |
||